00421nam a2200181Ia 4500003000900000008004100009040001300050040001300063041000800076100002800084245004400112250002200156260002500178260000900203300001100212300001000223490000600233IT-RoPAU120407s9999 xx 000 0 und d aIT-RoPAU cIT-RoPAU afra aClement Dillenschneider aLa Mariologie de S. Alphonse de Liguori aFribourg (Suisse) aStudia Friburgensia  c1931 a307 p. c23 cm v1